Hodnotíme správně mzdový vývoj? Malé zamyšlení nad vývojem mezd v letošním roce z různých pohledů.
Inflácia a mzdová regulácia. Vývoj reálnych miezd v ČSFR v r. 1991 a niektoré skresľujúce vplyvy. Potreba zohľadňovania všetkých odlišností v cenách, štruktúre spotreby podľa miesta a zloženia sociálnych skupín. Opatrenia proti poklesu reálnych miezd.
Salvato in:
| Autore principale: | |
|---|---|
| Natura: | Capitolo di libro |
| Lingua: | ceco |
| Soggetti: | |
| Tags: |
Nessun Tag, puoi essere il primo ad aggiungerne!!
|
MARC
| LEADER | 00000naa a2200000 4500 | ||
|---|---|---|---|
| 001 | r010245 | ||
| 005 | 20220831085007.2 | ||
| 041 | 0 | |a cze | |
| 044 | |a [CS] | ||
| 245 | 1 | 0 | |a Hodnotíme správně mzdový vývoj? |b Malé zamyšlení nad vývojem mezd v letošním roce z různých pohledů. |c J. Motl |
| 520 | |a Inflácia a mzdová regulácia. Vývoj reálnych miezd v ČSFR v r. 1991 a niektoré skresľujúce vplyvy. Potreba zohľadňovania všetkých odlišností v cenách, štruktúre spotreby podľa miesta a zloženia sociálnych skupín. Opatrenia proti poklesu reálnych miezd. | ||
| 610 | 2 | 0 | |a mzdy |
| 610 | 2 | 0 | |a ČSFR |
| 610 | 2 | 0 | |a inflácia |
| 610 | 2 | 0 | |a regulácia miezd |
| 610 | 2 | 0 | |a ceny |
| 610 | 2 | 0 | |a 1991-1992 |
| 100 | 1 | |a Motl, J. | |